Most Populous City per Country Quiz (GHI) - Statistics

General Stats
  • This quiz has been taken 15 times
  • The average score is 18 of 22
Answer Stats
Country Answer % Correct
Greece Athens
100%
Germany Berlin
100%
Hungary Budapest
100%
Ghana Accra
93%
Ireland Dublin
93%
Guatemala Guatemala City
93%
Indonesia Jakarta
93%
India New Delhi
93%
Haiti Port-au-Prince
93%
Iceland Reykjavik
93%
Italy Rome
93%
Iraq Baghdad
87%
Guinea-Bissau Bissau
87%
Israel Jerusalem
87%
Georgia Tbilisi
87%
Iran Tehran
87%
Guyana Georgetown
73%
Guinea Conakry
67%
Honduras Tegucigalpa
67%
Gabon Libreville
53%
Grenada Saint George's
53%
Gambia Serekunda
7%
No matching quizzes found
Score Distribution
Percent of People with Each Score
Percentile by Number Answered
Your Score History
You have not taken this quiz